Closest NFL Teams to Canada Quiz Stats

 Plays Quiz Updated Feb 7, 2018

Score 0/14 Timer 03:00
17 Plays Today
Distance (miles) Team % Correct
217???
83.9%
8???
83.7%
227???
83.6%
1???
83.1%
64???
81.6%
203???
76.8%
240???
76%
Distance (miles) Team % Correct
240???
75.7%
30???
69.1%
230???
67.5%
132???
66.6%
203???
54.6%
218???
42.7%
Mine???
35.3%

You're not logged in!

Compare scores with friends on all Sporcle quizzes.
OR
Log In

You Might Also Like...

Show Comments

Extras

Top Quizzes Today


Score Distribution

Your Account Isn't Verified!

In order to create a playlist on Sporcle, you need to verify the email address you used during registration. Go to your Sporcle Settings to finish the process.

Report this User

Report this user for behavior that violates our Community Guidelines.

Details: